000 00727nam a2200241Ia 4500
003 OSt
005 20220926010624.0
006 a|||||r|||| 00| 0
007 ta
008 220923b |||||||| |||| 00| 0 eng d
020 _a0300029276
037 _cGeneral Book
040 _aRTL
_cRTL
_beng
041 _2eng
_aeng
082 _aX9(J)0gF.42.N4, M3
100 _aFranoks Penelops
_9312644
245 0 _aTechnology and agricultural development in pre-war
260 _aNew Haven
_bYale university press
_c1983
300 _axiii, 322p. Bib p 306-14.
_ccm.
650 _aAgriculture Industries
_9230575
942 _hX9(J)0gF.42.N4, M3
_cGB
_2CC
999 _c617798
_d617798